| 000 | 00549nam a2200193 a 4500 | ||
|---|---|---|---|
| 001 | 000006815 | ||
| 005 | 20200929154012.0 | ||
| 008 | 090903s1973 dr 001 0 spa d | ||
| 020 | _a8433600559 | ||
| 040 |
_aDO-SdBNP _bspa _cBNPHU |
||
| 082 |
_axxx _bJ25f |
||
| 100 | 1 |
_aJakobson, Román _918952 |
|
| 245 | 1 | 0 |
_aFundamentos del lenguaje / : _bRomán Jakobson, Morris Halle. |
| 250 | _a2a ed. | ||
| 260 |
_aMadrid : _bAyuso, _c1973. |
||
| 300 |
_a156 p. ; _c22 cm. |
||
| 500 | _aIncluye referencias bibliográficas | ||
| 700 | 1 |
_aHalle, Morris _918953 |
|
| 999 |
_c6603 _d6603 |
||